[Event "FRA-ch U18 Girls"]
[Site "Nimes"]
[Date "2012.04.14"]
[Round "1"]
[White "Monpeurt, Cyrielle"]
[Black "Dufour, Celine"]
[Result "1-0"]
[WhiteElo "2024"]
[BlackElo "1613"]
[PlyCount "75"]
[EventDate "2012.04.14"]
[EventType "swiss"]
[EventRounds "9"]
[EventCountry "FRA"]
[SourceTitle "CBM 148 Extra"]
[Source "ChessBase"]
[SourceDate "2012.06.22"]
[SourceVersion "1"]
[SourceVersionDate "2012.06.22"]
[SourceQuality "1"]

1. e4 e5 2. Nf3 Nc6 3. Bb5 a6 4. Ba4 Nf6 5. 0-0 Be7 6. Re1 b5 7. Bb3 0-0 8. h3 d6 9. c3 Na5 10. Bc2 c5 11. d4 Qc7 12. Nbd2 Re8 13. Nf1 h6 14. Ng3 Bf8 15. a4 Bd7 16. d5 c4 17. axb5 axb5 18. Nh4 g6 19. Qf3 Nh7 20. Nf1 Nb7 21. Be3 Nc5 22. Nh2 Ng5 23. Qe2 Ncxe4 24. Ng4 f5 25. Bxg5 hxg5 26. Bxe4 fxg4 27. Nxg6 Rxa1 28. Rxa1 Bg7 29. hxg4 Qc8 30. Qe3 Qd8 31. Qh3 Qf6 32. Ra7 Rd8 33. f3 Qf7 34. Qg3 Qe8 35. Qf2 Bc8 36. Ne7+ Kh8 37. Qg3 Qf8 38. Qh3+ 1-0

[Event "FRA-ch U16 Girls"]
[Site "Troyes"]
[Date "2010.04.13"]
[Round "4"]
[White "Lebret, Loriane"]
[Black "Dufour, Celine"]
[Result "1-0"]
[WhiteElo "1639"]
[BlackElo "1654"]
[PlyCount "59"]
[EventDate "2010.04.11"]
[EventType "swiss"]
[EventRounds "9"]
[EventCountry "FRA"]
[SourceTitle "EXT 2012"]
[Source "ChessBase"]
[SourceDate "2011.11.24"]
[SourceVersion "1"]
[SourceVersionDate "2011.11.24"]
[SourceQuality "1"]

1. e4 e5 2. Nf3 Nc6 3. Bb5 a6 4. Ba4 Nf6 5. 0-0 d6 6. h3 Be7 7. Re1 0-0 8. c3 b5 9. Bc2 Na5 10. d4 Nd7 11. Nbd2 c5 12. Nf1 Nc6 13. Ng3 Nf6 14. Be3 Qc7 15. Nh4 exd4 16. cxd4 Nxe4 17. Bxe4 Bxh4 18. Qh5 f5 19. Bd5+ Kh8 20. Qxh4 Bb7 21. dxc5 dxc5 22. Bf4 Qb6 23. Qg5 h6 24. Qh5 Nd4 25. Bxb7 Qxb7 26. Rac1 Qb6 27. Re7 Qf6 28. Rce1 Nc2 29. R1e6 Qxb2 30. Rxh6+ 1-0

[Event "FRA-ch U16 Girls"]
[Site "Troyes"]
[Date "2010.04.12"]
[Round "2"]
[White "Neuhauser, Salome"]
[Black "Dufour, Celine"]
[Result "1-0"]
[WhiteElo "2014"]
[BlackElo "1654"]
[PlyCount "35"]
[EventDate "2010.04.11"]
[EventType "swiss"]
[EventRounds "9"]
[EventCountry "FRA"]
[SourceTitle "EXT 2012"]
[Source "ChessBase"]
[SourceDate "2011.11.24"]
[SourceVersion "1"]
[SourceVersionDate "2011.11.24"]
[SourceQuality "1"]

1. e4 e5 2. Bc4 Nc6 3. d3 h6 4. Nc3 d6 5. f4 Be6 6. Bxe6 fxe6 7. Qh5+ Kd7 8. f5 Nd4 9. fxe6+ Nxe6 10. Nf3 Nf6 11. Qh3 c6 12. Be3 Rg8 13. d4 exd4 14. Nxd4 Qe7 15. 0-0-0 Qf7 16. Rhf1 Qe8 17. e5 Nh7 18. Nxe6 1-0